Statistiques concernant Le Cantal en images

Cliquez ici pour prendre le quiz!

Statistiques générales

  • Ce quiz a été pris 70 fois
  • Le résultat moyen est 8 sur 18

Statistiques - réponses

Réponse% Correct
Georges Pompidou
89%
Aurillac
74%
La Grande Vadrouille
70%
La Truffade
67%
Le Viaduc de Garabit
59%
Salers
59%
Le Puy Mary
54%
Stade Aurillacois
52%
Le Lioran
51%
Chaudes-Aigues
44%
Jeuxvideo.com
41%
Plomb du Cantal
38%
Festival international de théâtre de rue
36%
Paul Doumer
33%
Cornet de Murat
26%
La Cère
15%
Sylvestre II
13%
Château de Pesteil
8%

Distribution des résultats

Percentile par nombre de réponses

% des personnes avec chaque résultat

Votre développement - résultats

Vous n’avez pas pris ce quiz